[Event "Relampago R-031 corr"]
[Site "CXV corr"]
[Date "2001.09.17"]
[Round "?"]
[White "De Lira, Carlos Alberto"]
[Black "Neto Malvaso, Jose"]
[Result "1/2-1/2"]
[WhiteElo "1383"]
[BlackElo "1557"]
[PlyCount "110"]
[EventDate "2001.??.??"]
[EventType "tourn (corr)"]
[EventRounds "6"]
[EventCountry "BRA"]
[SourceTitle "Corr 2004"]
[Source "ChessBase"]
[SourceDate "2003.04.28"]
[SourceVersion "3"]
[SourceVersionDate "2003.04.28"]
[SourceQuality "1"]

1. d4 d5 2. c4 c6 3. e3 Nf6 4. Nc3 Bf5 5. cxd5 cxd5 6. Bb5+ Nbd7 7. Nf3 e6 8. a3 Bd6 9. b4 a6 10. Bd3 Bxd3 11. Qxd3 Rc8 12. Bb2 0-0 13. 0-0 b5 14. h3 Nb6 15. Nd2 Nc4 16. Nxc4 dxc4 17. Qc2 Bb8 18. Rac1 Qd6 19. g3 e5 20. Rfd1 exd4 21. Rxd4 Qe6 22. Kh2 Be5 23. Rdd1 Rfd8 24. Rxd8+ Rxd8 25. Rd1 Rxd1 26. Nxd1 Bxb2 27. Qxb2 Qd5 28. Nc3 Qf3 29. Qd2 g6 30. Qd8+ Kg7 31. Kg1 Qf5 32. Kg2 h5 33. Qd6 Qd3 34. Qd4 g5 35. a4 bxa4 36. Nxa4 Qxd4 37. exd4 Nd5 38. Nb2 c3 39. Nd3 c2 40. Kf3 Nxb4 41. Nc1 Kf6 42. Ke3 a5 43. Kd2 a4 44. Kc3 Nc6 45. Ne2 a3 46. Kxc2 Ke6 47. Kb3 Kd5 48. Nc3+ Kd6 49. Nb5+ Kd5 50. Nc3+ Kd6 51. Ne4+ Kd5 52. Nxg5 Kxd4 53. Kxa3 f6 54. Ne6+ Ke4 55. f4 f5 1/2-1/2

[Event "Relampago R-024 corr"]
[Site "CXV corr"]
[Date "2001.06.26"]
[Round "?"]
[White "De Lira, Carlos Alberto"]
[Black "Dardengo Hupp, Fabricio"]
[Result "0-1"]
[WhiteElo "1342"]
[BlackElo "1819"]
[PlyCount "105"]
[EventDate "2001.??.??"]
[EventType "tourn (corr)"]
[EventRounds "6"]
[EventCountry "BRA"]
[SourceTitle "Corr 2004"]
[Source "ChessBase"]
[SourceDate "2003.04.28"]
[SourceVersion "3"]
[SourceVersionDate "2003.04.28"]
[SourceQuality "1"]

1. d4 d5 2. c4 e6 3. Nc3 Be7 4. Nf3 Nf6 5. cxd5 exd5 6. e3 c6 7. h3 Bf5 8. Bd3 Bxd3 9. Qxd3 Nbd7 10. 0-0 0-0 11. a3 a5 12. b3 Re8 13. Bb2 Bd6 14. a4 Qe7 15. Qe2 Ne4 16. Nxe4 Qxe4 17. Rac1 h6 18. Rfe1 f5 19. Qc2 Qe6 20. Qd1 Qf6 21. Qd2 g5 22. g3 Re7 23. Re2 h5 24. Qd3 h4 25. Kg2 Rf8 26. Qd2 g4 27. Nxh4 Qg5 28. e4 gxh3+ 29. Kh2 Qxh4 30. e5 Qg4 31. Rg1 Bb4 32. Qd3 Rg7 33. Bc1 Re8 34. Bf4 Nf8 35. Bd2 Ne6 36. f4 Nxd4 37. Rf2 Ne6 38. Bxb4 axb4 39. Qd2 Nc5 40. Qe3 Ne4 41. Rff1 Re6 42. Qf3 Nd2 43. Qxg4 Nxf1+ 44. Rxf1 fxg4 45. Rd1 Rd7 46. Rd4 c5 47. Rd2 Kf7 48. Re2 Kg6 49. a5 Kf5 50. Rc2 Rc7 51. Rd2 c4 52. bxc4 dxc4 53. Rb2 0-1

[Event "Relampago R-022 corr"]
[Site "CXV corr"]
[Date "2001.04.02"]
[Round "?"]
[White "Neumann Neto, Joao"]
[Black "De Lira, Carlos Alberto"]
[Result "0-1"]
[WhiteElo "1724"]
[BlackElo "1319"]
[PlyCount "129"]
[EventDate "2001.??.??"]
[EventType "tourn (corr)"]
[EventRounds "12"]
[EventCountry "BRA"]
[SourceTitle "Corr 2004"]
[Source "ChessBase"]
[SourceDate "2003.04.28"]
[SourceVersion "3"]
[SourceVersionDate "2003.04.28"]
[SourceQuality "1"]

1. d4 Nf6 2. c4 e6 3. a3 c5 4. d5 exd5 5. cxd5 d6 6. Nc3 b6 7. Bg5 Be7 8. Nf3 Bb7 9. e4 Nbd7 10. Bc4 a6 11. a4 Ne5 12. Nxe5 dxe5 13. Qd2 h6 14. Be3 Ng4 15. Qe2 Nxe3 16. fxe3 0-0 17. 0-0-0 Qd6 18. g4 Bc8 19. h4 g6 20. Rdf1 Bd7 21. Kc2 Bc8 22. g5 h5 23. Rfg1 Kg7 24. Qf1 f6 25. Be2 fxg5 26. Qe1 g4 27. Nd1 Bd7 28. Nc3 Rf7 29. Rg2 a5 30. Qg3 Raf8 31. Bb5 Rf3 32. Qe1 Bxb5 33. Nxb5 Qf6 34. Nc7 Rf2+ 35. Rxf2 Qxf2+ 36. Qxf2 Rxf2+ 37. Kc3 g3 38. d6 Bf6 39. d7 Kf7 40. Nd5 Bd8 41. Rd1 Rh2 42. Rg1 Rxh4 43. Rxg3 Rxe4 44. Rf3+ Ke6 45. Rf6+ Kxd5 46. Rf8 Kd6 47. Rxd8 Kc7 48. Rg8 Kxd7 49. Rxg6 Rxe3+ 50. Kd2 Rb3 51. Kc2 Rb4 52. b3 h4 53. Rh6 Ke7 54. Rg6 Kf7 55. Rh6 Kg7 56. Rh5 Kf6 57. Kc3 Ke6 58. Kc2 Kd5 59. Kc3 Rf4 60. Kd3 c4+ 61. bxc4+ Rxc4 62. Rxe5+ Kxe5 63. Kxc4 Kd6 64. Kb5 Kc7 65. Ka6 0-1

[Event "Relampago R-024 corr"]
[Site "CXV corr"]
[Date "2001.04.01"]
[Round "?"]
[White "De Lira, Carlos Alberto"]
[Black "Marim, Milton"]
[Result "0-1"]
[WhiteElo "1325"]
[BlackElo "1581"]
[PlyCount "94"]
[EventDate "2001.??.??"]
[EventType "tourn (corr)"]
[EventRounds "6"]
[EventCountry "BRA"]
[SourceTitle "Corr 2004"]
[Source "ChessBase"]
[SourceDate "2003.04.28"]
[SourceVersion "3"]
[SourceVersionDate "2003.04.28"]
[SourceQuality "1"]

1. d4 d5 2. c4 c6 3. Nf3 Nf6 4. Nc3 dxc4 5. e4 b5 6. a3 e6 7. Be2 Nbd7 8. Bg5 Be7 9. 0-0 Bb7 10. Qc2 h6 11. Bxf6 Nxf6 12. e5 Nd5 13. a4 a6 14. Rfd1 0-0 15. a5 Bb4 16. Qc1 Bxa5 17. Ne4 Bc7 18. Nc5 Bc8 19. g3 a5 20. b3 c3 21. Ne1 b4 22. Nc2 Qe7 23. Kh1 Bxe5 24. dxe5 Qxc5 25. Nd4 Bb7 26. Bc4 Qe7 27. Re1 c5 28. Nb5 Nc7+ 29. Kg1 Nxb5 30. Bxb5 Bd5 31. Ba4 Qb7 32. Qe3 c4 33. bxc4 Bxc4 34. Qc5 Bd5 35. Rab1 Rfd8 36. Red1 Rdc8 37. Qb5 Qxb5 38. Bxb5 c2 39. Re1 cxb1Q 40. Rxb1 Rc5 41. Ba4 Rac8 42. Re1 b3 43. Bxb3 Bxb3 44. Re3 a4 45. Kg2 Bd5+ 46. Kh3 Rc3 47. Re1 a3 0-1

[Event "Relampago R-019 corr"]
[Site "CXV corr"]
[Date "2001.02.25"]
[Round "?"]
[White "Marim, Milton"]
[Black "De Lira, Carlos Alberto"]
[Result "0-1"]
[WhiteElo "1621"]
[BlackElo "1296"]
[PlyCount "122"]
[EventDate "2001.??.??"]
[EventType "tourn (corr)"]
[EventRounds "6"]
[EventCountry "BRA"]
[SourceTitle "Corr 2004"]
[Source "ChessBase"]
[SourceDate "2003.04.28"]
[SourceVersion "3"]
[SourceVersionDate "2003.04.28"]
[SourceQuality "1"]

1. e4 c5 2. Nf3 d6 3. d4 cxd4 4. Nxd4 Nf6 5. Nc3 a6 6. Be2 e6 7. 0-0 Be7 8. Re1 0-0 9. a3 Nc6 10. Nf3 b5 11. b4 Bb7 12. Bb2 Qc7 13. Nd5 exd5 14. exd5 Ne5 15. Nxe5 dxe5 16. Bf3 Bd6 17. g3 Rfe8 18. Qd3 Rac8 19. Rac1 Qc4 20. Qxc4 Rxc4 21. Red1 e4 22. Be2 Rc7 23. c4 bxc4 24. Bxc4 Rec8 25. Bb3 Ng4 26. Rxc7 Rxc7 27. Re1 Re7 28. h3 Nh6 29. Bd4 f5 30. Be3 Nf7 31. Kg2 Rc7 32. Bd4 Kh8 33. f4 Bc8 34. Kf2 Kg8 35. Be5 Bxe5 36. d6 Rc6 37. fxe5 Kf8 38. Ba4 Rc3 39. d7 Bb7 40. Re3 Rxe3 41. Kxe3 Ke7 42. Kf4 g6 43. e6 Kxe6 44. Bb3+ Bd5 45. Ba4 Nd8 46. g4 Bc6 47. Bb3+ Kf6 48. g5+ Ke7 49. Bg8 Bxd7 50. h4 Kf8 51. Bc4 Bb5 52. Bb3 Nc6 53. a4 Bxa4 54. Bxa4 Nxb4 55. Bb3 a5 56. Ke3 Kg7 57. Kd4 Nd3 58. Kc3 h6 59. Kc4 hxg5 60. hxg5 Nf4 61. Kd4 Nh3 0-1

[Event "Relampago R-024 corr"]
[Site "CXV corr"]
[Date "2001.01.31"]
[Round "?"]
[White "Neto Malvaso, Jose"]
[Black "De Lira, Carlos Alberto"]
[Result "0-1"]
[WhiteElo "1611"]
[BlackElo "1258"]
[PlyCount "66"]
[EventDate "2001.??.??"]
[EventType "tourn (corr)"]
[EventRounds "6"]
[EventCountry "BRA"]
[SourceTitle "Corr 2004"]
[Source "ChessBase"]
[SourceDate "2003.04.28"]
[SourceVersion "3"]
[SourceVersionDate "2003.04.28"]
[SourceQuality "1"]

1. e4 c6 2. d4 d5 3. Nc3 dxe4 4. Nxe4 Bf5 5. f3 Bxe4 6. fxe4 e6 7. Nf3 Nf6 8. e5 Nd5 9. Bd3 Be7 10. 0-0 0-0 11. c3 Nd7 12. Nd2 Ne3 13. Qf3 Nxf1 14. Nxf1 Nb6 15. Qg4 f5 16. exf6 Rxf6 17. Bd2 Qd6 18. Ng3 Qc7 19. Nh5 Rf7 20. Bh6 Bf6 21. Rf1 Qe7 22. Nxf6+ Rxf6 23. Rxf6 Qxf6 24. Bf4 Rf8 25. g3 Nd5 26. Bg5 Qf2+ 27. Kh1 Qe1+ 28. Kg2 Ne3+ 29. Bxe3 Qxe3 30. Qe2 Qxe2+ 31. Bxe2 g5 32. Bf3 Kg7 33. Kf2 g4 0-1

[Event "Relampago R-024 corr"]
[Site "CXV corr"]
[Date "2001.01.23"]
[Round "?"]
[White "Leal, Vitor MN"]
[Black "De Lira, Carlos Alberto"]
[Result "1-0"]
[WhiteElo "1578"]
[BlackElo "1264"]
[PlyCount "29"]
[EventDate "2001.??.??"]
[EventType "tourn (corr)"]
[EventRounds "6"]
[EventCountry "BRA"]
[SourceTitle "Corr 2004"]
[Source "ChessBase"]
[SourceDate "2003.04.28"]
[SourceVersion "3"]
[SourceVersionDate "2003.04.28"]
[SourceQuality "1"]

1. e4 e5 2. Nf3 Nc6 3. Bb5 Nf6 4. 0-0 Nxe4 5. d4 Nd6 6. Bxc6 dxc6 7. dxe5 Nf5 8. Qxd8+ Kxd8 9. Nc3 Bd7 10. Rd1 Kc8 11. Ng5 Be6 12. Nxe6 fxe6 13. Ne4 Be7 14. Bg5 Bf8 15. Rd8# 1-0

[Event "Relampago R-022 corr"]
[Site "CXV corr"]
[Date "2001.01.06"]
[Round "?"]
[White "Fagundes, Antonio GS"]
[Black "De Lira, Carlos Alberto"]
[Result "1-0"]
[WhiteElo "1571"]
[BlackElo "1387"]
[PlyCount "55"]
[EventDate "2001.??.??"]
[EventType "tourn (corr)"]
[EventRounds "12"]
[EventCountry "BRA"]
[SourceTitle "Corr 2004"]
[Source "ChessBase"]
[SourceDate "2003.04.28"]
[SourceVersion "3"]
[SourceVersionDate "2003.04.28"]
[SourceQuality "1"]

1. e4 c6 2. d4 d5 3. Nc3 dxe4 4. Nxe4 Bf5 5. Ng3 Bg6 6. h4 h6 7. Nf3 e6 8. h5 Bh7 9. Bd3 Bxd3 10. Qxd3 Nf6 11. Bf4 Bd6 12. Be5 Bxe5 13. Nxe5 Nbd7 14. Qa3 Nxe5 15. dxe5 Nd5 16. Ne4 Qe7 17. Nd6+ Kf8 18. c4 Nc7 19. 0-0-0 b6 20. Qf3 c5 21. Qb7 Qd8 22. Nxf7 Kxf7 23. Rxd8 Rhxd8 24. Qxc7+ Kg8 25. Rd1 Rf8 26. Rd7 Rxf2 27. Rxg7+ Kf8 28. Qe7# 1-0

[Event "CXV R - 019 email"]
[Site "Brazil CXV"]
[Date "2000.12.18"]
[Round "?"]
[White "De Lira, Carlos Alberto"]
[Black "Neto Malvaso, Jose"]
[Result "0-1"]
[WhiteElo "1394"]
[BlackElo "1618"]
[PlyCount "103"]
[EventDate "2000.??.??"]
[EventType "tourn (corr)"]
[EventRounds "5"]
[EventCountry "BRA"]
[SourceTitle "Corr 2004"]
[Source "ChessBase"]
[SourceDate "2003.04.28"]
[SourceVersion "3"]
[SourceVersionDate "2003.04.28"]
[SourceQuality "1"]

1. e4 e5 2. Nf3 Nf6 3. Nc3 Bb4 4. Bc4 d6 5. Nd5 Nxd5 6. Bxd5 c6 7. Bb3 0-0 8. c3 Bc5 9. d4 exd4 10. cxd4 Bb4+ 11. Bd2 Qa5 12. Bxb4 Qxb4+ 13. Qd2 Qxd2+ 14. Nxd2 Be6 15. 0-0 Nd7 16. Rac1 Nf6 17. Rfe1 Rfe8 18. f4 Bxb3 19. axb3 Nd7 20. Re3 f6 21. Kf2 g6 22. Rce1 Re7 23. Nc4 d5 24. Nd6 Nb6 25. exd5 Rxe3 26. Kxe3 Nxd5+ 27. Kf3 Rb8 28. g4 Kf8 29. Nc4 Rd8 30. Re2 b6 31. Rd2 Nc7 32. Ne3 Ne6 33. Ke4 Nc5+ 34. Kf3 Nxb3 35. Rd3 Nxd4+ 36. Ke4 Ne6 37. Rxd8+ Nxd8 38. b4 Ke7 39. Nc4 Nb7 40. h3 Nd6+ 41. Kd4 Nxc4 42. Kxc4 Ke6 43. Kd4 Kd6 44. Kc4 g5 45. fxg5 fxg5 46. Kd4 c5+ 47. bxc5+ bxc5+ 48. Kc4 a5 49. Kb5 Kd5 50. Kxa5 c4 51. Kb4 Kd4 52. Ka3 0-1